| Tag |
First Indicator |
Second Indicator |
Subfields |
| LEADER |
00000cam a2200000 a 4500 |
| 001 |
in00000000078 |
| 007 |
he bmb024bbca |
| 008 |
980813s1996 dcua bb f000 0 eng d |
| 005 |
20230309220953.9 |
| 035 |
|
|
|a (OCoLC)39689927
|
| 035 |
|
|
|9 AHS6785AM
|
| 035 |
|
|
|a in00000000078
|
| 037 |
|
|
|a 065-000-00915-3
|b GPO
|f paper copy
|c $3.50
|
| 040 |
|
|
|a GPO
|c GPO
|d DLC
|d MvI
|d UtOrBLW
|
| 043 |
|
|
|a n-us---
|
| 049 |
|
|
|a UDOC
|
| 049 |
|
|
|a WWW
|
| 074 |
|
|
|a 0455-G-09 (MF)
|
| 074 |
|
|
|a 0455-G-09 (online)
|
| 086 |
0 |
|
|a ED 1.328/5:T 22/4
|
| 088 |
|
|
|a NCES 96-040
|
| 100 |
1 |
|
|a Ingersoll, Richard M.
|
| 245 |
1 |
0 |
|a Out-of-field teaching and educational equality /
|c Richard M. Ingersoll.
|
| 246 |
2 |
|
|a Out of field teaching and educational equality
|
| 264 |
|
1 |
|a Washington, DC :
|b U.S. Dept. of Education, Office of Educational Research and Improvement, National Center for Education Statistics :
|c [1996]
|
| 264 |
|
2 |
|a Washington, DC :
|b For sale by the U.S. G.P.O., Supt. of Docs.,
|
| 300 |
|
|
|a xii, 58 pages :
|b illustrations ;
|c 28 cm.
|
| 336 |
|
|
|a text
|b txt
|2 rdacontent
|
| 337 |
|
|
|a microform
|b h
|2 rdamedia
|
| 338 |
|
|
|a microfiche
|b he
|2 rdacarrier
|
| 490 |
1 |
|
|a Statistical analysis report
|
| 500 |
|
|
|a Shipping list number: 98-0833-M.
|
| 500 |
|
|
|a "October 1996."
|
| 504 |
|
|
|a Includes bibliographical references (pages 37-39).
|
| 500 |
|
|
|a "NCES 96-040."
|
| 533 |
|
|
|a Microfiche.
|b [Washington, D.C.] :
|c Supt. of Docs., U.S. G.P.O.,
|d [1998]
|e 1 microfiche : negative.
|
| 530 |
|
|
|a Also available via Internet from the NCES web site (PDF file only).
|
| 500 |
|
|
|a Microform.
|
| 650 |
|
0 |
|a Teachers
|x Certification
|z United States.
|
| 650 |
|
0 |
|a Teachers
|x Rating of
|z United States.
|
| 710 |
2 |
|
|a National Center for Education Statistics.
|
| 830 |
|
0 |
|a Statistical analysis report (National Center for Education Statistics)
|
| 856 |
4 |
1 |
|u https://purl.fdlp.gov/GPO/LPS1455
|z Adobe Acrobat Reader required to view full document
|t 0
|
| 999 |
|
|
|a MARS
|
| 999 |
f |
f |
|i 40a430ab-fa38-3f58-8827-36cec55b6fff
|s 42241753-2927-3499-8e6e-df5790965098
|t 0
|
| 952 |
f |
f |
|p normal
|a Texas A&M University
|b College Station
|c Sterling C. Evans Library
|d Evans: US Documents Microfiche (3rd floor)
|t 0
|e ED 1.328/5:T 22/4
|h Superintendent of Documents classification
|i microform -- microfiche
|m A14838216365
|
| 952 |
f |
f |
|p normal
|a Texas A&M University
|b College Station
|c Sterling C. Evans Library
|d Evans: US Documents Microfiche (3rd floor)
|t 0
|e ED 1.328/5:T 22/4
|h Superintendent of Documents classification
|i microform -- microfiche
|m A14824374525
|
| 952 |
f |
f |
|a Texas A&M University
|b College Station
|c Electronic Resources
|d Available Online
|t 0
|e ED 1.328/5:T 22/4
|h Superintendent of Documents classification
|
| 998 |
f |
f |
|a ED 1.328/5:T 22/4
|t 0
|l Evans: US Documents Microfiche (3rd floor)
|
| 998 |
f |
f |
|a ED 1.328/5:T 22/4
|t 0
|l Evans: US Documents Microfiche (3rd floor)
|
| 998 |
f |
f |
|a ED 1.328/5:T 22/4
|t 0
|l Available Online
|